Breve historia de Samaná = breve histoire de Samaná / (Record no. 14588)
[ view plain ]
| 000 -CABECERA | |
|---|---|
| campo de control de longitud fija | 00890nam a2200253 a 4500 |
| 001 - NÚMERO DE CONTROL | |
| campo de control | 000015015 |
| 003 - IDENTIFICADOR DEL NÚMERO DE CONTROL | |
| campo de control | DO-SdBNP |
| 005 - FECHA Y HORA DE LA ÚLTIMA TRANSACCIÓN | |
| campo de control | 20240229073954.0 |
| 008 - DATOS DE LONGITUD FIJA--INFORMACIÓN GENERAL | |
| campo de control de longitud fija | 100129s2004 dr b 000 0 spa d |
| 020 ## - NÚMERO INTERNACIONAL ESTÁNDAR DEL LIBRO | |
| Número Internacional Estándar del Libro | 9993427063 |
| 040 ## - FUENTE DE LA CATALOGACIÓN | |
| Centro catalogador/agencia de origen | DO-SdBNP |
| Lengua de catalogación | spa |
| Centro/agencia transcriptor | BNPHU |
| 049 ## - FONDOS LOCALES (OCLC) | |
| Fondos de biblioteca | BNPD |
| 082 #4 - NÚMERO DE LA CLASIFICACIÓN DECIMAL DEWEY | |
| Número de clasificación | 972.9365 |
| Número de documento/Ítem | V422b |
| Número de edición | 22 |
| 100 1# - ENTRADA PRINCIPAL--NOMBRE DE PERSONA | |
| Nombre de persona | Vega, Bernardo, |
| Fechas asociadas al nombre | 1938 - |
| 9 (RLIN) | 3222 |
| 245 10 - MENCIÓN DE TÍTULO | |
| Título | Breve historia de Samaná = breve histoire de Samaná / |
| Mención de responsabilidad, etc. | Bernardo Vega. |
| 246 10 - FORMA VARIANTE DE TÍTULO | |
| Título propio/Titulo breve | Breve histoire de Samaná |
| 260 ## - PUBLICACIÓN, DISTRIBUCIÓN, ETC. | |
| Lugar de publicación, distribución, etc. | Santo Domingo : |
| Nombre del editor, distribuidor, etc. | Fundación Cultural Dominicana, |
| Fecha de publicación, distribución, etc. | 2004. |
| 300 ## - DESCRIPCIÓN FÍSICA | |
| Extensión | 63 p. : |
| Otras características físicas | map. ; |
| Dimensiones | 22 cm. |
| 500 ## - NOTA GENERAL | |
| Nota general | Incluye datos biográficos del autor en la contracubierta |
| 650 #4 - PUNTO DE ACCESO ADICIONAL DE MATERIA--TÉRMINO DE MATERIA | |
| Término de materia o nombre geográfico como elemento de entrada | Ciudades y pueblos |
| Subdivisión geográfica | República Dominicana |
| 9 (RLIN) | 784 |
| 651 #4 - PUNTO DE ACCESO ADICIONAL DE MATERIA--NOMBRE GEOGRÁFICO | |
| Nombre geográfico | Santa Bárbara de Samaná (República Dominicana) |
| Subdivisión general | Historia local |
| 9 (RLIN) | 13085 |
| 910 ## - DATOS DE OPCIÓN DEL USUARIO (OCLC) | |
| Datos de opción del usuario | Validado. Control de calidad MFF |
| 942 ## - ELEMENTOS DE PUNTO DE ACCESO ADICIONAL (KOHA) | |
| Fuente del sistema de clasificación o colocación | Dewey Decimal Classification |
| Tipo de ítem Koha | Libro |
| Estado de retiro | Estado de pérdida | Restricciones de uso | No para préstamo | Código de colección | Localización permanente | Ubicación/localización actual | Ubicación en estantería | Fecha de adquisición | Número de inventario | Total de préstamos | Signatura topográfica completa | Código de barras | Fecha visto por última vez | Número de copia | Precio válido a partir de | Tipo de ítem Koha | Fecha del último préstamo |
|---|---|---|---|---|---|---|---|---|---|---|---|---|---|---|---|---|---|
| Dominicana de Servicio | General | Biblioteca Nacional Pedro Henríquez Ureña | Depósito | 29.01.2010 | LF1 | 1 | 972.9365 V422b | 15015-50 | 06.08.2025 | e. 5 | 25.06.2020 | Libro y Folleto Colección Dominicana de Servicio | 04.08.2025 | ||||
| Dominicana de Servicio | General | General | Depósito | 29.01.2010 | LF1 | 972.9365 V422b | 15015-30 | 25.06.2020 | e. 3 | 25.06.2020 | Libro y Folleto Colección Dominicana de Servicio | ||||||
| Dominicana de Servicio | General | General | Depósito | 29.01.2010 | LF1 | 972.9365 V422b | 15015-40 | 25.06.2020 | e. 4 | 25.06.2020 | Libro y Folleto Colección Dominicana de Servicio | ||||||
| Excluido de préstamo | Patrimonio Dominicano | Patrimonio Dominicano | Patrimonio Dominicano | Depósito | 29.01.2010 | LF1 | 972.9365 V422b | 15015-10 | 25.06.2020 | 25.06.2020 | Libro y Folleto Colección Patrimonio Dominicano | ||||||
| Excluido de préstamo | Patrimonio Dominicano | Patrimonio Dominicano | Patrimonio Dominicano | Depósito | 29.01.2010 | LF1 | 972.9365 V422b | 15015-20 | 25.06.2020 | e. 2 | 25.06.2020 | Libro y Folleto Colección Patrimonio Dominicano |
